| 000 | 00376 a2200133 4500 | ||
|---|---|---|---|
| 001 | 90914 | ||
| 082 | _aPR 1003 | ||
| 090 |
_c43048 _d43048 |
||
| 100 | _aMansoor Goheer; Prof Faran Hafeez (Advisor) | ||
| 245 |
_aDevelopment of Potential Flow Solver using IBM PC _n30th 'A' EC |
||
| 260 |
_aKarachi _bNED University _c1989 |
||
| 300 | _axii;120p | ||
| 500 | _aBE Project Reports | ||
| 942 |
_aCAE NUST _kPR 1003 |
||
| 999 |
_c325987 _d325987 |
||